000 00611nam a2200205 a 4500
005 20220615063450.0
008 991125s1976 mx 000 0 spa u
035 _aUPN01000042401
049 _aCG
050 4 _aPQ2159 O2.78
100 1 _aBalzac, Honoré de,
_d1799-1850
245 1 0 _aObras selectas de Honoré de Balzac /
_ctr. Louis Palomeque A
260 _aMéxico :
_bValle de México,
_c1976
300 _a494 p. :
_bil
440 0 _aObras selectas
505 _aContenido: Eugenia Grandet -- El médico de la aldea
650 0 _aLiteratura francesa
_95152
904 _aAC
_b042403
905 _aLibro
999 _c42401
_d42401